European documentation and research network

Guardado en:  
Detalles Bibliográficos
Autores principales: Bunt, H. G. van de 1951- (Autor) ; Heuvel, Elly (Autor)
Tipo de documento: Print Artículo
Lenguaje:Inglés
Publicado: 1994
En: European journal on criminal policy and research
Año: 1994, Volumen: 2, Número: 1, Páginas: 100-104
Verificar disponibilidad: HBZ Gateway
Palabras clave:

MARC

LEADER 00000caa a22000002c 4500
001 1640355316
003 DE-627
005 20220608131804.0
007 tu
008 160223s1994 xx ||||| 00| ||eng c
035 |a (DE-627)1640355316 
035 |a (DE-576)456124314 
035 |a (DE-599)BSZ456124314 
040 |a DE-627  |b ger  |c DE-627  |e rakwb 
041 |a eng 
100 1 |a Bunt, H. G. van de  |d 1951-  |0 (DE-588)171996143  |0 (DE-627)696892723  |0 (DE-576)164252851  |4 aut 
109 |a Bunt, H. G. van de 1951-  |a Bunt, Hendrik G. van de 1951-  |a Bunt, Henk van de 1951-  |a Bunt, Hendrik Geert van de 1951- 
245 1 0 |a European documentation and research network  |c Henk van de Bunt, Elly Heuvel 
264 1 |c 1994 
336 |a Text  |b txt  |2 rdacontent 
337 |a ohne Hilfsmittel zu benutzen  |b n  |2 rdamedia 
338 |a Band  |b nc  |2 rdacarrier 
700 1 |a Heuvel, Elly  |4 aut 
773 0 8 |i In  |t European journal on criminal policy and research  |d Dordrecht [u.a.] : Springer, 1993  |g 2(1994), 1, Seite 100-104  |w (DE-627)175792569  |w (DE-600)1156382-5  |w (DE-576)033901708  |x 0928-1371  |7 nnas 
773 1 8 |g volume:2  |g year:1994  |g number:1  |g pages:100-104 
776 1 |o 10.1007/BF02249252 
935 |a mkri 
951 |a AR 
ELC |b 1 
LOK |0 000 xxxxxcx a22 zn 4500 
LOK |0 001 3301963722 
LOK |0 003 DE-627 
LOK |0 004 1640355316 
LOK |0 005 20250325152858 
LOK |0 008 160208||||||||||||||||ger||||||| 
LOK |0 040   |a DE-21-110  |c DE-627  |d DE-21-110 
LOK |0 689   |a s  |a Europäisches Dokumentationsnetzwerk 
LOK |0 689   |a s  |a Europäisches Forschungsnetzwerk 
LOK |0 852   |a DE-21-110 
LOK |0 852 1  |m p  |9 00 
LOK |0 935   |a k110 
LOK |0 938   |k p 
LOK |0 939   |a 08-02-16  |b l01 
ORI |a SA-MARC-krimdoka001.raw